| 000 | 00323nam a22001337a 4500 | ||
|---|---|---|---|
| 020 | _a9789697089338 | ||
| 040 | _cNUST | ||
| 082 | _a891.4393 NAS | ||
| 100 |
_aNaseem Hijazi _988321 |
||
| 245 | _aDastan-e-Mujahid | ||
| 260 |
_aLAHORE: _bJahangir Book Depot, _c2010. |
||
| 650 |
_aUrdu Adab-Novel _989566 |
||
| 942 |
_2ddc _cBK |
||
| 999 |
_c587578 _d587578 |
||